| 000 | 00752ntm a22002897a 4500 | ||
|---|---|---|---|
| 005 | 20260408162249.0 | ||
| 008 | 210609b2017 xxu||||| |||| 00| 0 spa d | ||
| 020 | _a9788417026462 | ||
| 041 | _aESP | ||
| 082 | _a364.4 M538m | ||
| 100 |
_aMéndez Pérez, Juan Manuel _960126 |
||
| 245 | _aMedios de protección y armamento | ||
| 260 | _aEspaña | ||
| 260 | _bIC Editorial | ||
| 260 | _c2017 | ||
| 300 | _a309 páginas | ||
| 490 | _aInvestigación Criminal | ||
| 650 | _aSEGURIDAD | ||
| 650 | _aALARMAS | ||
| 650 | _aMEDIOS DE PROTECCIÓN | ||
| 650 | _aPROTECCIÓN DE EDIFICIOS | ||
| 650 | _aCONTROL DE ACCESOS | ||
| 650 | _aMANEJO DE ARMAS | ||
| 650 | _aMEDIOS DE SEGURIDAD | ||
| 650 | _aPREPARACIÓN FÍSICA | ||
| 942 |
_cBK _2ddc |
||
| 999 |
_c12987 _d12987 |
||